| 000 | 00000nam##2200000za#4500 |
| 001 | 9.695476 |
| 003 | CaOODSP |
| 005 | 20210624234608 |
| 007 | cr ||||||||||| |
| 008 | 150407|2010||||xxc|||||o f|0| 0 eng|d |
| 020 | |a978-1-100-19939-9 |
| 040 | |aCaOODSP|beng |
| 043 | |an-cn--- |
| 086 | 1 |aPS4-98/2010E-PDF |
| 110 | 1 |aCanada. |bPublic Safety Canada. |
| 245 | 10|aPolice officer and prosecutor training needs for combating organized crime in Canada / |h[electronic resource]|cby the Strategic Counsel. |
| 260 | |aOttawa - Ontario : |bPublic Safety Canada |c2010. |
| 300 | |a100p.|bfigs., references, tables |
| 500 | |a"Report no. 010, 2010"--p. 1 of 100. |
| 546 | |a(Sommaire en français) |
| 590 | |a12-05-Supp|b2012-03-02 |
| 775 | 08|tBesoins en formation des agents de police et des procureurs pour lutter contre le crime organisé au Canada / |w(CaOODSP)9.639614 |
| 856 | 40|ahttp://publications.gc.ca|qPDF|s1.15 MB|uhttps://publications.gc.ca/collections/collection_2012/sp-ps/PS4-98-2010-eng.pdf |